| 000 | 00820nam a2200277 i 4500 | ||
|---|---|---|---|
| 001 | 000011748 | ||
| 003 | DO-SdBNP | ||
| 005 | 20251119101642.0 | ||
| 007 | ta | ||
| 008 | 091027s1970 dr 000 f spa d | ||
| 040 |
_aDO-SdBNP _bspa _cBNPHU _erda |
||
| 041 | _aspa | ||
| 082 | 4 |
_aRD863.44 _bA516t _222 |
|
| 100 | 1 |
_aAmiama, Manuel A. _d1899-1991 _eautor _98438 |
|
| 245 | 1 | 3 |
_aEl terrateniente / _cManuel Antonio Amiama. |
| 264 |
_aSanto Domingo : _bArte y Cine, _c1970. |
||
| 300 |
_a179 páginas ; _c23 cm. |
||
| 336 |
_ardacontent _btexto _2txt |
||
| 337 |
_ardamedia _bsin mediación _2n |
||
| 338 |
_ardacarrier _bvolumen _2nc |
||
| 590 | _aInventariado, 2025/DG | ||
| 650 | 0 |
_aNovela dominicana _9223 |
|
| 650 | 0 |
_aLiteratura dominicana. _967 |
|
| 910 | _aValidado. Control de calidad MFF | ||
| 942 |
_2ddc _cLBS1 |
||
| 999 |
_c11423 _d11423 |
||